[Event "Mittelrhein Verbandsliga-S 17/18"]
[Site "Nordrheinwestfalen"]
[Date "2018.05.06"]
[Round "11.1"]
[White "Schwarz, Andreas"]
[Black "Dick, Matthias"]
[Result "1/2-1/2"]
[WhiteElo "2108"]
[BlackElo "1994"]
[PlyCount "21"]
[EventDate "2017.09.10"]
[EventType "team-tourn"]
[EventRounds "11"]
[EventCountry "GER"]
[SourceTitle "EXT 2022"]
[Source "ChessBase"]
[SourceDate "2021.10.06"]
[SourceVersion "1"]
[SourceVersionDate "2021.10.06"]
[SourceQuality "1"]
[WhiteTeam "Troisdorf"]
[BlackTeam "Koeln SF III"]
[WhiteTeamCountry "GER"]
[BlackTeamCountry "GER"]

1. e4 e6 2. d4 d5 3. Nd2 dxe4 4. Nxe4 Nd7 5. Nf3 Ngf6 6. Bg5 Be7 7. Bxf6 Nxf6 8. Nxf6+ Bxf6 9. c3 0-0 10. Bd3 b6 11. Qc2 1/2-1/2

[Event "Mittelrhein Verbandsliga-O 16/17"]
[Site "Nordrheinwestfalen"]
[Date "2016.11.27"]
[Round "4"]
[White "Schwarz, Andreas"]
[Black "Harringer, Manfred"]
[Result "1/2-1/2"]
[WhiteElo "2055"]
[BlackElo "1932"]
[PlyCount "69"]
[EventDate "2016.09.11"]
[EventType "team-tourn"]
[EventRounds "11"]
[EventCountry "GER"]
[SourceTitle "EXT 2022"]
[Source "ChessBase"]
[SourceDate "2021.10.06"]
[SourceVersion "1"]
[SourceVersionDate "2021.10.06"]
[SourceQuality "1"]
[WhiteTeam "Troisdorf"]
[BlackTeam "Bergische SF II"]
[WhiteTeamCountry "GER"]
[BlackTeamCountry "GER"]

1. e4 e5 2. Nf3 Nc6 3. Bb5 a6 4. Ba4 Nf6 5. 0-0 Be7 6. Re1 b5 7. Bb3 0-0 8. a4 Bb7 9. d3 d6 10. c3 Na5 11. Bc2 c5 12. Nbd2 Qc7 13. Nf1 c4 14. Ng3 Rfe8 15. h3 h6 16. d4 Bf8 17. d5 Bc8 18. axb5 axb5 19. Bb1 Bd7 20. Bc2 Nb7 21. Be3 Nc5 22. Qd2 Reb8 23. Nh4 Nb3 24. Bxb3 cxb3 25. Rxa8 Rxa8 26. Qd1 Qc4 27. Qb1 Nxd5 28. Nf3 Nxe3 29. Rxe3 Ra2 30. Nd2 Qa4 31. Re1 Be6 32. Kh2 Qa7 33. Kg1 Bc4 34. Nf5 Qa4 35. Ne3 1/2-1/2

[Event "Dortmund Sparkassen op-B"]
[Site "Dortmund"]
[Date "2015.07.02"]
[Round "6"]
[White "Schwarz, Andreas"]
[Black "Olivares, Ricardo"]
[Result "1-0"]
[WhiteElo "1470"]
[BlackElo "1623"]
[PlyCount "31"]
[EventDate "2015.06.27"]
[EventType "swiss"]
[EventRounds "9"]
[EventCountry "GER"]
[SourceTitle "CBM 167 Extra"]
[Source "ChessBase"]
[SourceDate "2015.09.14"]
[SourceVersion "1"]
[SourceVersionDate "2015.09.14"]
[SourceQuality "1"]

1. Nf3 Nf6 2. d4 e6 3. Bf4 c5 4. e3 Nc6 5. Nbd2 Be7 6. h3 0-0 7. c3 d5 8. Bd3 b6 9. 0-0 Bb7 10. Re1 Rc8 11. Ne5 Nd7 12. Nxd7 Qxd7 13. Qh5 f5 14. Bb5 Qe8 15. Qe2 Nxd4 16. exd4 1-0

[Event "Troisdorf op"]
[Site "Troisdorf"]
[Date "2013.12.03"]
[Round "7"]
[White "Schwarz, Andreas"]
[Black "Riefer, Alexander"]
[Result "1-0"]
[WhiteElo "1973"]
[BlackElo "1801"]
[PlyCount "65"]
[EventDate "2013.10.22"]
[EventType "swiss"]
[EventRounds "7"]
[EventCountry "GER"]
[SourceTitle "EXT 2016"]
[Source "ChessBase"]
[SourceDate "2015.10.08"]
[SourceVersion "1"]
[SourceVersionDate "2015.10.08"]
[SourceQuality "1"]

1. e4 c5 2. Nf3 Nc6 3. d4 cxd4 4. Nxd4 Nf6 5. Nc3 d6 6. Be2 a6 7. Be3 e6 8. 0-0 Be7 9. f4 Bd7 10. g4 Nxd4 11. Qxd4 0-0 12. g5 Ne8 13. Rad1 Rc8 14. Rf3 Bc6 15. Rh3 Qa5 16. Qd2 f5 17. Nd5 Qxd2 18. Nxe7+ Kf7 19. Rxd2 Kxe7 20. exf5 Rxf5 21. Rxh7 Ra5 22. a3 Be4 23. Rh8 Bxc2 24. Bh5 Ba4 25. Rg8 Rc1+ 26. Kf2 Rh1 27. Kg3 e5 28. Bxe8 Bxe8 29. Rxg7+ Ke6 30. fxe5 Rxe5 31. Bf4 Rd5 32. Re2+ Kf5 33. Rxe8 1-0

[Event "Rheinland Pfalz op 5th"]
[Site "Worms"]
[Date "2013.05.31"]
[Round "4"]
[White "Schwarz, Andreas"]
[Black "Kirmeir, Andreas"]
[Result "1/2-1/2"]
[WhiteElo "1968"]
[BlackElo "1771"]
[PlyCount "24"]
[EventDate "2013.05.30"]
[EventType "swiss"]
[EventRounds "7"]
[EventCountry "GER"]
[SourceTitle "EXT 2014"]
[Source "ChessBase"]
[SourceDate "2013.11.20"]
[SourceVersion "1"]
[SourceVersionDate "2013.11.20"]
[SourceQuality "1"]

1. d4 g6 2. e4 Bg7 3. Nf3 d6 4. Be2 e6 5. 0-0 Ne7 6. c4 b6 7. Nc3 Nd7 8. Be3 Bb7 9. Qd2 h6 10. d5 e5 11. Ne1 g5 12. Bg4 Nf6 1/2-1/2

[Event "Rheinland Pfalz op 5th"]
[Site "Worms"]
[Date "2013.05.30"]
[Round "1"]
[White "Denzer, Johannes"]
[Black "Schwarz, Andreas"]
[Result "0-1"]
[WhiteElo "1478"]
[BlackElo "1968"]
[PlyCount "76"]
[EventDate "2013.05.30"]
[EventType "swiss"]
[EventRounds "7"]
[EventCountry "GER"]
[SourceTitle "EXT 2014"]
[Source "ChessBase"]
[SourceDate "2013.11.20"]
[SourceVersion "1"]
[SourceVersionDate "2013.11.20"]
[SourceQuality "1"]

1. e4 c6 2. d4 d5 3. exd5 cxd5 4. Bd3 Nc6 5. c3 Qc7 6. Nf3 Bg4 7. Nbd2 Nf6 8. h3 Bxf3 9. Nxf3 g6 10. 0-0 Bg7 11. Be3 0-0 12. Qd2 Rfc8 13. Bf4 Qd8 14. Rfe1 a6 15. Re2 b5 16. a3 Na5 17. Rae1 e6 18. Ne5 Nc4 19. Qc2 Nxe5 20. Bxe5 Nd7 21. Bxg7 Kxg7 22. Qd2 Qf6 23. Re3 Qf4 24. Qd1 Qd6 25. Qg4 Rc7 26. Rxe6 fxe6 27. Rxe6 Qf8 28. Rxg6+ Kh8 29. Qh4 Qf7 30. Rh6 Nf8 31. Rf6 Qg7 32. Qf4 Re7 33. Qd6 Re1+ 34. Kh2 Qe7 35. Qf4 Ne6 36. Qf5 Rf8 37. Rxf8+ Nxf8 38. Qxd5 Qf6 0-1

[Event "Troisdorf op"]
[Site "Troisdorf"]
[Date "2011.11.22"]
[Round "5"]
[White "Schwarz, Andreas"]
[Black "Kinnert, Dieter"]
[Result "1-0"]
[WhiteElo "1901"]
[BlackElo "1722"]
[PlyCount "43"]
[EventDate "2011.10.25"]
[EventType "swiss"]
[EventRounds "7"]
[EventCountry "GER"]
[SourceTitle "EXT 2013"]
[Source "ChessBase"]
[SourceDate "2012.11.22"]
[SourceVersion "1"]
[SourceVersionDate "2012.11.22"]
[SourceQuality "1"]

1. d4 d5 2. Nf3 c6 3. c4 Nf6 4. Nc3 e6 5. e3 Nbd7 6. Qc2 Bd6 7. g4 Nxg4 8. Rg1 Nxh2 9. Nxh2 Bxh2 10. Rxg7 Qh4 11. Bd3 Qh6 12. Rg2 dxc4 13. Bxc4 e5 14. f4 Bxf4 15. exf4 Qh1+ 16. Bf1 exd4 17. Qe4+ Kd8 18. Rg8+ Rxg8 19. Qxh1 dxc3 20. bxc3 Nc5 21. Be3 Re8 22. 0-0-0+ 1-0

[Event "Troisdorf op "]
[Site "Troisdorf"]
[Date "2010.12.07"]
[Round "7"]
[White "Stadtfeld, Martin"]
[Black "Schwarz, Andreas"]
[Result "1/2-1/2"]
[WhiteElo "1623"]
[BlackElo "1935"]
[PlyCount "44"]
[EventDate "2010.10.26"]
[EventType "swiss"]
[EventRounds "7"]
[EventCountry "GER"]
[SourceTitle "EXT 2013"]
[Source "ChessBase"]
[SourceDate "2012.11.22"]
[SourceVersion "1"]
[SourceVersionDate "2012.11.22"]
[SourceQuality "1"]

1. e4 c6 2. d4 d5 3. Nc3 dxe4 4. Nxe4 Bf5 5. Ng3 Bg6 6. h4 h6 7. Nf3 Nd7 8. h5 Bh7 9. Bd3 Bxd3 10. Qxd3 e6 11. Bf4 Ngf6 12. 0-0-0 Be7 13. Kb1 Nd5 14. Bc1 Nb4 15. Qe2 b5 16. Ne5 Nxe5 17. dxe5 Nd5 18. f4 Qa5 19. f5 b4 20. fxe6 fxe6 21. Qg4 Kd7 22. Ne2 Qc7 1/2-1/2